000
00231 a2200085 4500
020
_a
9783836560429
100
_a
Claire Zimmerman
245
_a
Mies Van Der Rohe: 1886-1969: the Structure of Space
260
_b
Taschen America Llc
_c
2015
999
_c
13386
_d
13386